000 00514nam a22001817a 4500
005 20171106151217.0
010 _aENG-121243
020 _c200.00
_a9789350451182
035 _aEN-104775
037 _bDBAD/PUB
082 _a881
100 _aRitwik Ghosh
245 _aThe democracy of dreams /
_cby Ritwik Ghosh
260 _aCalcutta
_bA Writers Workshop Publication
_c2015
270 _a162/92 Lake Gardens
_bCalcutta
_e700045
300 _a92p.
_c22cm(Hb)
942 _2ddc
_cEN
_h881
_mGHO
999 _c147206
_d147206